Guide on resource revenue transparency

Gespeichert in:
Bibliographische Detailangaben
Körperschaft: International Monetary Fund. Fiscal Affairs Department
Format: Buch
Sprache:Englisch
Veröffentlicht: Washington, D.C. International Monetary Fund 2007
Schlagworte:
Tags: Tag hinzufügen
Keine Tags, Fügen Sie das erste Tag hinzu!

MARC

LEADER 00000nam$a2200000$$$4500
001 0070238
005 20240315115355.5
020 |a 978-1-58906-463-8 
041 0 |a eng 
044 |a US 
245 1 0 |a Guide on resource revenue transparency 
264 1 |a Washington, D.C.  |b International Monetary Fund  |c 2007 
300 |a vii, 66 s. 
610 2 0 |a financie verejné 
610 2 0 |a politika fiškálna 
610 2 0 |a rozpočtovanie 
610 2 0 |a politika finančná 
610 2 0 |a zdroje finančné 
710 2 |a International Monetary Fund. Fiscal Affairs Department